000
00319nam a22001337a 4500
020
_a
0000000581417
040
_c
NUST
082
_a
812.50-CH MIL
100
_a
Miller, Arthur
_9
110470
245
_a
Death of a Salesman
260
_a
Lahore:
_b
A H Publishers,
_c
2015.
650
_a
English Fiction
942
_2
ddc
_c
BK
999
_c
593794
_d
593794